| 000 | 00542nam a2200205Ia 4500 | ||
|---|---|---|---|
| 005 | 20250326143201.0 | ||
| 008 | 250326s9999 xx 000 0 und d | ||
| 020 | _a0-07-118040-0 | ||
| 037 | _aTextbook | ||
| 040 |
_aFMSL _beng _cFMSL |
||
| 041 |
_aeng _2eng |
||
| 084 |
_aX:74.1 P1 _qFMSL |
||
| 100 | _aHill Charles W.l | ||
| 245 | 0 |
_aGlobal business today _cHill Charles W.l |
|
| 250 | _a2 | ||
| 260 |
_aBoston _bBoston, McGraw-Hill _c2001 |
||
| 300 | _axxiv,530 | ||
| 942 |
_cTB _hX:74.1 P1 |
||
| 999 |
_c1298487 _d1298487 |
||